The Care of the Self / The History of Sexuality: Volume 3 (Record no. 2410)
[ view plain ]
| 000 -LEADER | |
|---|---|
| fixed length control field | 01063cam a22001934a 4500 |
| 005 - ΗΜΕΡΟΜΗΝΙΑ ΚΑΙ ΩΡΑ ΤΕΛΕΥΤΑΙΑΣ ΕΝΗΜΕΡΩΣΗΣ | |
| Πεδίο ελέγχου | 20250605164040.0 |
| 008 - FIXED-LENGTH DATA ELEMENTS--GENERAL INFORMATION | |
| Πεδίο ελέγχου σταθερού μήκους | 250528s ||||||||||||||||||||||||d |
| 035 ## - SYSTEM CONTROL NUMBER | |
| System control number | 16967 |
| 020 ## - ISBN | |
| ISBN | 140137351 |
| 040 ## - ΠΗΓΗ ΚΑΤΑΛΟΓΟΓΡΑΦΗΣΗΣ | |
| Φορέας πρωτότυπης καταλογογράφησης | MC Athens Campus Library |
| Γλώσσα καταλογογράφησης | Ελληνικά, Μοντέρνα (1453-) |
| Modifying agency | MC Athens Campus Library |
| Κανόνες περιγραφικής καταλογογράφησης | AACR2 |
| 245 1# - ΤΙΤΛΟΣ ΚΑΙ ΔΗΛΩΣΗ ΥΠΕΥΘΥΝΟΤΗΤΑΣ | |
| Τίτλος | The Care of the Self / The History of Sexuality: Volume 3 |
| 260 ## - PUBLICATION, DISTRIBUTION, ETC. | |
| Name of publisher, distributor, etc. | Penguin Books, |
| Date of publication, distribution, etc. | 1986 |
| 300 ## - PHYSICAL DESCRIPTION | |
| Extent | 280 |
| 520 ## - SUMMARY, ETC. | |
| Summary, etc. | Foucault's reconstruction of Roman sexual discourse as defined by techniques for self-enhancement and self-respect constitutes a remarkable achievement. Translator's Acknowledgements, Dreaming of One's Pleasures, The Method of Artemidorus, The Analysis, Dream and Act, The Cultivation of the Self, Self and Others, The Marital Role, The Political Game, The Body, Galen, Are They Good? Are They Bad?, The Regimen of Pleasures, The Work of the Soul, The Wife, The Marriage, The Question of Monopoly, The Pleasures of Marriage, Boys, Plutarch, Pseudo-Lucian, A New Erotiks, Conclusion. |
| 700 1# - ΠΡΟΣΘΕΤΗ ΑΝΑΓΡΑΦΗ--ΦΥΣΙΚΟ ΠΡΟΣΩΠΟ | |
| Personal name | Foucault Michel |
| 9 (RLIN) | 674 |
| 942 ## - ADDED ENTRY ELEMENTS (KOHA) | |
| Koha item type | Books |
| Τύπος τεκμηρίου | Βιβλιοθήκη | Τρέχουσα τοποθεσία | Barcode | Αριθμός εισαγωγής | Ημερομηνία απόκτησης | Ταξιθετικό σύμβολο | Αριθμός αντιτύπου | Κατάσταση απόσυρσης | Κατάσταση χαμένου | Κατάσταση κατεστραμμένου | Μη δανεισμός | Σύνολο δανεισμών | Ημερομηνία τελευταίας εμφάνισης | Η τιμή ισχύει από |
|---|---|---|---|---|---|---|---|---|---|---|---|---|---|---|
| Books | MC Athens Campus Library | MC Athens Campus Library | 9780000024091 | 6188 | 05/06/2025 | 305.4 FOU | 1 | 05/06/2025 | 05/06/2025 |